Products for analysis 1991-92
Αποθηκεύτηκε σε:
| Συγγραφή απο Οργανισμό/Αρχή: | |
|---|---|
| Μορφή: | Βιβλίο |
| Γλώσσα: | Undetermined |
| Έκδοση: |
USA
Hach company
1991
|
| Θέματα: | |
| Ετικέτες: |
Προσθήκη ετικέτας
Δεν υπάρχουν, Καταχωρήστε ετικέτα πρώτοι!
|
| Thư viện lưu trữ: | Trung tâm Học liệu Trường Đại học Cần Thơ |
|---|
| LEADER | 00487nam a2200193Ia 4500 | ||
|---|---|---|---|
| 001 | CTU_160579 | ||
| 008 | 210402s9999 xx 000 0 und d | ||
| 082 | |a 628.161 | ||
| 082 | |b H964 | ||
| 110 | |a Hach company | ||
| 245 | 0 | |a Products for analysis 1991-92 | |
| 245 | 0 | |c Hach company | |
| 260 | |a USA | ||
| 260 | |b Hach company | ||
| 260 | |c 1991 | ||
| 650 | |a Water,Water quality | ||
| 650 | |x Analysis | ||
| 904 | |i Giang | ||
| 980 | |a Trung tâm Học liệu Trường Đại học Cần Thơ | ||